000 00349 a2200157 4500
001 156346
020 _a9788508118717
040 _cEscola São Tomás de Aquino
100 _aBELINKY, Tatiana
240 1 0 _aO caso dos ovos
_lpor
245 1 0 _aO caso dos ovos
300 _a24
362 0 _a2008
697 _a*LITERATURA INFANTIL
942 _cBK
999 _c156346
_d156346